| 000 | 00800cam a2200205 4500 | ||
|---|---|---|---|
| 001 | WS105131 | ||
| 008 | 000000n 000 0 eng u | ||
| 035 | _a(Sirsi) u105131 | ||
| 110 |
_aInternational Council of Shopping Centres _92606 |
||
| 245 | _aInternational Council of Shopping Centres | ||
| 520 | _aUS based site for a trade association of the shopping centre industry. Includes the ability to search for available space by state, an index of factory outlets and monthly mall statistics. | ||
| 650 | _aUSA | ||
| 650 | _aSHOPPING CENTRES | ||
| 650 | _aFACTORY OUTLETS | ||
| 650 | _aINTERNATIONAL | ||
| 650 | _aORGANISATION | ||
| 690 | _aPROPERTY-COMMERCIAL PROPERTY-RETAIL PROPERTY | ||
| 856 | 4 | 0 |
_uhttps://www.icsc.org/ _zView the website free of charge at www.icsc.org/... |
| 942 | _n0 | ||
| 999 |
_c119468 _d119468 |
||